Φύλο και εκπαίδευση : μαθηματικά, φυσικές επιστήμες και νέες τεχνολογίες

Αποθηκεύτηκε σε:
Λεπτομέρειες βιβλιογραφικής εγγραφής
Άλλοι συγγραφείς: Ντρενογιάννη, Ελένη (edtf), Σέρογλου, Φανή (edtf), Τρέσσου, Ευαγγελία (edtf)
Μορφή: Βιβλίο
Γλώσσα:Greek
Δημοσίευση: Αθήνα : Καλειδοσκόπιο, 2007.
Θέματα:
Ετικέτες: Προσθήκη ετικέτας
Δεν υπάρχουν, Καταχωρήστε ετικέτα πρώτοι!

MARC

LEADER 00000cam a2200000 i 4500
001 1/48336
008 140528s2007 gr | ||| |||| ||gre||
020 |a 9789607846884 
035 |l 10117811 
040 |a GR-MY-UA  |b gre  |e aacr 
041 0 |a gre 
082 7 |a 370.19345   |2 (23) 
245 0 0 |a Φύλο και εκπαίδευση :   |b μαθηματικά, φυσικές επιστήμες και νέες τεχνολογίες /   |c επιμέλεια: Ελένη Ντρενογιάννη, Φανή Σέρογλου, Ευαγγελία Τρέσσου.  
260 |a Αθήνα :   |b Καλειδοσκόπιο,   |c 2007.  
300 |a 451 σ. :   |b πίν. ;   |c 26 εκ.  
504 |a Περιλαμβάνει βιβλιογραφικές παραπομπές.  
650 0 0 |a Sex differences in education. 
650 0 0 |a Sexism in education. 
650 0 0 |a Women in education. 
650 0 0 |a Sex discrimination in education. 
700 1 |a Ντρενογιάννη, Ελένη,  |e edtf 
700 1 |a Σέρογλου, Φανή,  |e edtf 
700 1 |a Τρέσσου, Ευαγγελία,  |e edtf 
852 |a INST  |b LESVOS  |e 20190211  |h 370.19345 ΦΥΛ  |p 005100060678  |q 005100060678  |t BK  |y 0 
852 |a INST  |b RHODES  |c EUDOXUS  |e 20140528  |h 370.19345 ΦΥΛ  |p 005400036576  |q 005400036576  |t EDX  |y 4  |x 20211215 
901 |a BIBL4-2014-2 
909 |a Ρ  |b 183078 
920 |a ΕΥΔΟΞΟΣ  |b ΠΑΡΑΓΓΕΛΙΑ  |y Ρόδος-ΠΤΔΕ  |z 2014-05 
970 |z 2014/05/28